|
|
|
|
| LEADER |
00000cam a2200000 7i4500 |
| 001 |
0000020170 |
| 005 |
20070911.0 |
| 040 |
|
|
|a INS
|
| 090 |
0 |
0 |
|a VCD0519
|
| 245 |
0 |
0 |
|a Majlis sambutan Maal Hijrah :
|b Forum Perdana - "Keunggulan Ilmu Teras Keunggulan Ummah" (siri 1) :
|b 27 Februari 2006 [
|h cakera video]
|
| 260 |
|
|
|a Bangi :
|b Institut Penilaian Negara ,
|c 2006
|
| 300 |
|
|
|a 1 videodisc ( 62 min.) :
|b sd. col. ;
|c 4 3/4 in.
|
| 500 |
|
|
|a Ahli Forum: (1) Y. Bhg. Dr. Zulkefli, Pensyarah Kanan Kolej UNITI Port Dickson, (2) Ustaz Mohd Khairuddin, Pensyarah UTM (3) Ustaz Mat Ajid, Penolong Pengarah JAWI Caw. Putrajaya
|
| 710 |
1 |
|
|a Institut Penilaian Negara
|
| 999 |
|
|
|a VCD0000519
|b VIDEO CD
|c Media Collection
|e Default branch
|